Rheology : principles, measurements, and applications

Saved in:
Bibliographic Details
Main Author: Macosko, Christopher W.
Format: Book
Language:English
Published: New York : VCH, c1994
Series:Advances in interfacial engineering series
Subjects:
Tags: Add Tag
No Tags, Be the first to tag this record!

MARC

LEADER 00000nam a2200000 i 4500
001 1/68665
008 071219s1994 eng d
020 |a 978-0-471-18575-8 
035 |l 10093266 
040 |a GR-MY-UA  |b gre  |e aacr 
041 0 |a eng 
082 0 |a 531.11  |2 (22) 
100 1 |a Macosko, Christopher W. 
245 1 0 |a Rheology :  |b principles, measurements, and applications /  |c Christopher W. Macosko 
260 |a New York :   |b VCH,   |c c1994 
300 |a xviii, 550 σ.;  |b εικ.;  |c 26 εκ. 
490 1 |a Advances in interfacial engineering series 
504 |a Περιέχει βιβλιογραφικές παραπομπές και ευρετήριο 
650 0 0 |a Rheology. 
830 0 |a Advances in interfacial engineering series 
852 |a INST  |b SAMOS  |e 20071219  |h 531.11 MAC  |p 005300027468  |q 005300027468  |t BK  |y 0 
901 |a BIBL3-2007-3 
909 |a Σ  |b 140346 
922 |a 3ΕΛΗ  |b 200711  |c ΕΠΕΑΕΚ2/ΤΜΗΜΑ ΜΑΘΗΜΑΤΙΚΩΝ  |d ΕΛΕΥΘΕΡΟΥΔΑΚΗΣ 
970 |a ΚΟΣΙΕΡΗΣ  |b ΧΡΗΣΤΟΣ  |z 2007/12/19